000 00528nam a2200193Ia 4500
005 20250326145002.0
008 250326s9999 xx 000 0 und d
020 _a0-333-98075-1
037 _aTextbook
040 _aFMSL
_beng
_cFMSL
041 _aeng
_2eng
084 _aX9B:8 P2
_qFMSL
100 _aChaston Ian
245 0 _aSmall business marketing management
_cChaston Ian; Mangles Terry
260 _aNY
_bNY, Palgrave
_c2002
300 _aix,275
942 _cTB
_hX9B:8 P2
999 _c1305923
_d1305923